Drie horizontaal gestreepte landvlaggen - Statistieken

Algemene statistieken
  • Deze quiz is 22 keer genomen
  • De gemiddelde score is 12 van 13
Antwoordstatistieken
Foto Antwoord % Correct
Duitsland
100%
Luxemburg
100%
Nederland
100%
Rusland
100%
Bulgarije
95%
Estland
95%
Hongarije
90%
Litouwen
90%
Armenië
86%
Jemen
81%
Bolivia
76%
Gabon
76%
Sierra Leone
67%
Geen overeenkomende quizzen gevonden
Scoreverdeling
Procent van Mensen met Elke Score
Percentiel versus Aantal Correcte Antwoorden
Uw Scoregeschiedenis
U heeft deze quiz nog niet genomen